İslamda "Sağ-sol" (Record no. 2953)

MARC details
000 -BAŞLIK
Sabit Uzunlukta Kontrol Alanı 00668na a2200253 4500
001 - KONTROL NUMARASI
Denetim Alanı 19328
003 - KONTROL NUMARASI IDENTIFIER
Denetim Alanı MIRAKIL
005 - SON İŞLEM TARİHİ VE ZAMANI
Denetim Alanı 20181213154914.0
008 - SABİT-BOY VERİ ELEMANLARI - GENEL BİLGİLER
Sabit Uzunlukta Kontrol Alanı 170207b tu 000 0
035 ## - SİSTEM KONTROL NUMARASI
Sistem Kontrol Numarası 19328
040 ## - KATALOGLAMA KAYNAK
Orijinal Kataloglama Ajansı Milas
Kataloglama Dili tur
Metne Dönüştürmek Ajansı TR-AnCHP
041 ## - DİL KODU
Metin / Ses Parça Veya Ayrı Başlığın Dil Kodu tur
082 ## - DEWEY ONLU SINIFLANDIRMA NUMARASI
Sınıflandırma Numarası CHP 297
Ürün Numarası A74i [t.y.]
090 ## - SINIFLAMA NUMARASI
Sınıflama Numarası CHP 297 A74i [t.y.]
100 ## - ANA GİRİŞ - KİŞİSEL İSİM
Kişisel Ad Aşık, A. Gani
245 ## - BAŞLIK TABLOSU
Başlık İslamda "Sağ-sol"
Başlığın Kalan "CHP bir sevdadır"
Sorumluluk Tablosu, Vb A. Gani Aşık
246 ## - UNVAN FORM VARYING
Başlık Doğru / Kısa Başlığı CHP bir sevdadır
246 ## - UNVAN FORM VARYING
Başlık Doğru / Kısa Başlığı İslamda sağ-sol
260 ## - YAYIN, DAĞITIM, VB
Yayın, Dağıtım, Vb Yeri Ankara
Yayıncı, Dağıtıcı, Vs Adı CHP
Yayın, Dağıtım, Vb Tarihi [t.y]
300 ## - FİZİKSEL TANIM
Kapsam 23 s.
Boyutlar 17 sm.
610 ## - KONU KATMA GİRİŞ - TOPLANTI ADI
Giriş Elemanı Olarak Kurumsal Ad Veya Yargı Alanı Adı CHP
Genel Alt Bölüm Din
650 ## - KONU KATMA GİRİŞ - TOPİKAL DÖNEM
Topikal Süreli Veya Coğrafi Ad Giriş Elemanı Din
Genel Alt Bölümü Siyasal ideolojiler
Kronolojik Alt Bölümü Sağ ve sol
942 ## - EKLENDİ GİRİŞ ELEMANLARI (KOHA)
Sınıflandırma Veya Raf Düzeni Kaynak Dewey Decimal Classification
Koha Öğesi Türü Books
999 ## - SİSTEM KONTROL NUMARALARI (KOHA)
Koha Biblionumber 2953
Koha Biblioitemnumber 2953
Holdings
Kalıcı Konum Mevcut Konum Edinme Tarihi Edinim Kaynak Toplam Check-Out'Lar Tam Çağrı Numarası Barkod Tarih Son Görülme İtibaren Geçerli Fiyatlar Koha Öğesi Türü Kopya Sayısı
CHP Kütüphanesi CHP Kütüphanesi 12/13/2016 Bağış   CHP 297 A74i [t.y.] 010263 12/13/2016 12/13/2016 Books  
CHP Kütüphanesi CHP Kütüphanesi 02/07/2017 Bağış   CHP 297 A74i [t.y.] 014047 02/07/2017 02/07/2017 Books k.2
CHP Kütüphanesi CHP Kütüphanesi 02/07/2017 Bağış   CHP 297 A74i [t.y.] 014048 02/07/2017 02/07/2017 Books k.3